[Event "European Online Club-ch-H 2021"]
[Site "Online"]
[Date "2021.03.27"]
[Round "2.6"]
[White "Olsen, Filip Boe"]
[Black "Valuet, Bertrand"]
[Result "1-0"]
[WhiteElo "2379"]
[BlackElo "2217"]
[Annotator "NA"]
[PlyCount "151"]
[EventDate "2021.03.27"]
[EventType "team-tourn"]
[EventCountry "NET"]
[SourceTitle "playchess.com"]
[Source "ChessBase"]
[SourceQuality "1"]
[TimeControl "900+5"]

1. d4 {[%emt 0:00:00]} Nf6 {[%emt 0:00:07]} 2. c4 {[%emt 0:00:05]} e6 {[%emt 0:00:03]} 3. Nf3 {[%emt 0:00:11]} d5 {[%emt 0:00:03]} 4. g3 {[%emt 0:00:03]} Bb4+ {[%emt 0:00:29]} 5. Bd2 {[%emt 0:00:03]} Be7 {[%emt 0:00:02]} 6. Bg2 {[%emt 0:00:03]} O-O {[%emt 0:00:40]} 7. O-O {[%emt 0:00:02]} c6 {[%emt 0:00:08]} 8. Bf4 {[%emt 0:00:12]} dxc4 {[%emt 0:00:50]} 9. Ne5 {[%emt 0:00:40]} Nd5 {[%emt 0:00:03]} 10. Nxc4 {[%emt 0:00:05]} Nxf4 {[%emt 0:00:03]} 11. gxf4 {[%emt 0:00:01]} Bf6 {[%emt 0:00:06]} 12. e3 {[%emt 0:00:18]} Qe7 {[%emt 0:01:37]} 13. Nc3 {[%emt 0:01:52]} Rd8 {[%emt 0:00:27]} 14. Qc2 {[%emt 0:01:13]} b6 {[%emt 0:00:13]} 15. Rac1 {[%emt 0:00:59]} Bb7 {[%emt 0:00:12]} 16. Ne4 {[%emt 0:00:55]} Na6 {[%emt 0:00:48]} 17. Ne5 {[%emt 0:01:58]} c5 {[%emt 0:03:47]} 18. dxc5 {[%emt 0:02:27]} Bxe5 {[%emt 0:00:05]} 19. c6 {[%emt 0:02:05]} Rac8 {[%emt 0:03:10]} 20. fxe5 {[%emt 0:01:03]} Nb4 {[%emt 0:00:16]} 21. Qb1 {[%emt 0:02:04]} Bxc6 {[%emt 0:00:15]} 22. a3 {[%emt 0:00:05]} Nd3 {[%emt 0:00:37]} 23. Rc3 {[%emt 0:00:24]} Bxe4 {[%emt 0:01:07]} 24. Bxe4 {[%emt 0:00:02]} Rxc3 {[%emt 0:00:03]} 25. bxc3 {[%emt 0:00:02]} Nxe5 {[%emt 0:00:14]} 26. Bxh7+ {[%emt 0:00:03]} Kh8 {[%emt 0:00:02]} 27. Be4 {[%emt 0:00:01]} Rd2 {[%emt 0:00:06]} 28. Qb4 {[%emt 0:00:05]} Qg5+ {[%emt 0:00:08]} 29. Kh1 {[%emt 0:00:03]} f5 {[%emt 0:00:03]} 30. Bg2 {[%emt 0:00:05]} Ng4 {[%emt 0:00:06]} 31. Kg1 {[%emt 0:00:11]} Nxe3 {[%emt 0:00:08]} 32. Qf8+ {[%emt 0:00:05]} Kh7 {[%emt 0:00:03]} 33. Qa8 {[%emt 0:00:06]} Ng4 {[%emt 0:00:09]} 34. Qf3 {[%emt 0:00:04]} Ra2 {[%emt 0:00:15]} 35. h3 {[%emt 0:00:04]} Nf6 {[%emt 0:00:06]} 36. c4 {[%emt 0:00:08]} Ne4 {[%emt 0:00:05]} 37. Qe3 {[%emt 0:00:06]} Qxe3 {[%emt 0:00:05]} 38. fxe3 {[%emt 0:00:01]} Rxa3 {[%emt 0:00:05]} 39. Bxe4 {[%emt 0:00:02]} fxe4 {[%emt 0:00:02]} 40. Rf7 {[%emt 0:00:03]} Rxe3 {[%emt 0:00:08]} 41. Rxa7 {[%emt 0:00:01]} Rxh3 {[%emt 0:00:02]} 42. Rb7 {[%emt 0:00:04]} Rc3 {[%emt 0:00:03]} 43. Rxb6 {[%emt 0:00:01]} Rxc4 {[%emt 0:00:02]} 44. Rxe6 {[%emt 0:00:01]} g6 {[%emt 0:00:03]} 45. Kf2 {[%emt 0:00:01]} Kh6 {[%emt 0:00:01]} 46. Re5 {[%emt 0:00:05]} g5 {[%emt 0:00:08]} 47. Kg3 {[%emt 0:00:02]} Kh5 {[%emt 0:00:02]} 48. Re8 {[%emt 0:00:06]} Rc3+ {[%emt 0:00:04]} 49. Kg2 {[%emt 0:00:01]} e3 {[%emt 0:00:06]} 50. Kf3 {[%emt 0:00:03]} g4+ {[%emt 0:00:07]} 51. Kf4 {[%emt 0:00:04]} e2 {[%emt 0:00:13]} 52. Rxe2 {[%emt 0:00:06]} Rf3+ {[%emt 0:00:02]} 53. Ke4 {[%emt 0:00:04]} Kh4 {[%emt 0:00:03]} 54. Ra2 {[%emt 0:00:10]} Kh3 {[%emt 0:00:02]} 55. Rb2 {[%emt 0:00:08]} Rf7 {[%emt 0:00:09]} 56. Ke3 {[%emt 0:00:08]} g3 {[%emt 0:00:03]} 57. Rb8 {[%emt 0:00:01]} Kg2 {[%emt 0:00:06]} 58. Rg8 {[%emt 0:00:04]} Kh2 {[%emt 0:00:04]} 59. Rh8+ {[%emt 0:00:02]} Kg1 {[%emt 0:00:02]} 60. Rg8 {[%emt 0:00:02]} g2 {[%emt 0:00:03]} 61. Ke2 {[%emt 0:00:01]} Rf2+ {[%emt 0:00:10]} 62. Ke1 {[%emt 0:00:02]} Rf4 {[%emt 0:00:04]} 63. Ke2 {[%emt 0:00:09]} Rf3 {[%emt 0:00:13]} 64. Kxf3 {[%emt 0:00:03]} Kh1 {[%emt 0:00:03]} 65. Kf2 {[%emt 0:00:02]} g1=Q+ {[%emt 0:00:06]} 66. Rxg1+ {[%emt 0:00:02]} Kh2 {[%emt 0:00:02]} 67. Rg8 {[%emt 0:00:02]} Kh3 {[%emt 0:00:02]} 68. Rg7 {[%emt 0:00:03]} Kh4 {[%emt 0:00:02]} 69. Kf3 {[%emt 0:00:01]} Kh5 {[%emt 0:00:02]} 70. Kf4 {[%emt 0:00:01]} Kh6 {[%emt 0:00:02]} 71. Rg1 {[%emt 0:00:02]} Kh7 {[%emt 0:00:02]} 72. Kf5 {[%emt 0:00:01]} Kh8 {[%emt 0:00:01]} 73. Kf6 {[%emt 0:00:01]} Kh7 {[%emt 0:00:02]} 74. Rg2 {[%emt 0:00:02]} Kh8 {[%emt 0:00:02]} 75. Kf7 {[%emt 0:00:01]} Kh7 {[%emt 0:00:01]} 76. Rh2# {[%emt 0:00:01]} 1-0

[Event "European Online Club-ch-H 2021"]
[Site "Online"]
[Date "2021.03.27"]
[Round "2.7"]
[White "Appendino, Jerome"]
[Black "Pajeken, Jakob Leon"]
[Result "0-1"]
[WhiteElo "2175"]
[BlackElo "2323"]
[Annotator "NA"]
[PlyCount "80"]
[EventDate "2021.03.27"]
[EventType "team-tourn"]
[EventCountry "NET"]
[SourceTitle "playchess.com"]
[Source "ChessBase"]
[SourceQuality "1"]
[TimeControl "900+5"]

1. e4 {[%emt 0:00:00]} e5 {[%emt 0:00:03]} 2. Nf3 {[%emt 0:00:07]} Nc6 {[%emt 0:00:02]} 3. Bb5 {[%emt 0:00:03]} a6 {[%emt 0:00:04]} 4. Ba4 {[%emt 0:00:03]} Nf6 {[%emt 0:00:04]} 5. O-O {[%emt 0:00:04]} Be7 {[%emt 0:00:05]} 6. Re1 {[%emt 0:00:02]} b5 {[%emt 0:00:02]} 7. Bb3 {[%emt 0:00:01]} d6 {[%emt 0:00:01]} 8. c3 {[%emt 0:00:02]} O-O {[%emt 0:00:01]} 9. h3 {[%emt 0:00:01]} Na5 {[%emt 0:00:04]} 10. Bc2 {[%emt 0:00:01]} c5 {[%emt 0:00:09]} 11. d4 {[%emt 0:00:01]} Qc7 {[%emt 0:00:02]} 12. d5 {[%emt 0:00:05]} Nd7 {[%emt 0:00:03]} 13. Nbd2 {[%emt 0:00:08]} Nb6 {[%emt 0:00:04]} 14. Nf1 {[%emt 0:00:30]} f5 {[%emt 0:00:07]} 15. exf5 {[%emt 0:00:53]} Bxf5 {[%emt 0:00:08]} 16. Bxf5 {[%emt 0:00:15]} Rxf5 {[%emt 0:00:02]} 17. Ng3 {[%emt 0:00:11]} Rf7 {[%emt 0:00:09]} 18. Bg5 {[%emt 0:01:15]} h6 {[%emt 0:00:16]} 19. Bxe7 {[%emt 0:00:37]} Qxe7 {[%emt 0:00:11]} 20. b3 {[%emt 0:00:21]} c4 {[%emt 0:00:15]} 21. b4 {[%emt 0:00:30]} Nb7 {[%emt 0:00:02]} 22. Qd2 {[%emt 0:00:21]} Raf8 {[%emt 0:00:11]} 23. Rad1 {[%emt 0:01:46]} Nd8 {[%emt 0:01:35]} 24. Re2 {[%emt 0:00:32]} Rf4 {[%emt 0:00:33]} 25. Nd4 {[%emt 0:03:44]} R4f6 {[%emt 0:01:06]} 26. Nf3 {[%emt 0:02:03]} Nf7 {[%emt 0:00:51]} 27. Ne4 {[%emt 0:00:40]} Rf4 {[%emt 0:00:33]} 28. Qe3 {[%emt 0:00:40]} Na4 {[%emt 0:00:22]} 29. g3 {[%emt 0:00:09]} Rxe4 {[%emt 0:00:15]} 30. Qxe4 {[%emt 0:00:01]} Nxc3 {[%emt 0:00:03]} 31. Qc2 {[%emt 0:00:02]} Nxd1 {[%emt 0:00:08]} 32. Qxd1 {[%emt 0:00:01]} Ng5 {[%emt 0:00:13]} 33. Nxg5 {[%emt 0:00:14]} Qxg5 {[%emt 0:00:03]} 34. Kg2 {[%emt 0:00:09]} Qf5 {[%emt 0:00:09]} 35. Rd2 {[%emt 0:00:18]} Qe4+ {[%emt 0:00:10]} 36. f3 {[%emt 0:00:32]} Qe3 {[%emt 0:00:13]} 37. Qe2 {[%emt 0:00:13]} Rxf3 {[%emt 0:00:08]} 38. Qxf3 {[%emt 0:00:11]} Qxd2+ {[%emt 0:00:02]} 39. Kg1 {[%emt 0:00:03]} Qd3 {[%emt 0:00:24]} 40. Qh5 {[%emt 0:00:31]} Qxd5 {[%emt 0:00:10]} 0-1

[Event "European Online Club-ch-H 2021"]
[Site "Online"]
[Date "2021.03.27"]
[Round "2.8"]
[White "Arndt, Magnus"]
[Black "Ould Ahmed, Samy"]
[Result "1-0"]
[WhiteElo "2282"]
[BlackElo "2110"]
[Annotator "NA"]
[PlyCount "43"]
[EventDate "2021.03.27"]
[EventType "team-tourn"]
[EventCountry "NET"]
[SourceTitle "playchess.com"]
[Source "ChessBase"]
[SourceQuality "1"]
[TimeControl "900+5"]

1. e4 {[%emt 0:00:00]} e5 {[%emt 0:00:06]} 2. Nf3 {[%emt 0:00:03]} Nc6 {[%emt 0:00:08]} 3. d4 {[%emt 0:00:05]} exd4 {[%emt 0:00:17]} 4. Nxd4 {[%emt 0:00:00]} Nf6 {[%emt 0:00:56]} 5. Nxc6 {[%emt 0:00:04]} bxc6 {[%emt 0:00:00]} 6. e5 {[%emt 0:00:03]} Qe7 {[%emt 0:00:04]} 7. Qe2 {[%emt 0:00:02]} Nd5 {[%emt 0:00:01]} 8. c4 {[%emt 0:00:02]} Ba6 {[%emt 0:00:02]} 9. Nd2 {[%emt 0:00:03]} g5 {[%emt 0:01:57]} 10. Ne4 {[%emt 0:02:39]} h6 {[%emt 0:04:49]} 11. h4 {[%emt 0:01:21]} Nf4 {[%emt 0:03:39]} 12. Bxf4 {[%emt 0:04:27]} gxf4 {[%emt 0:00:00]} 13. Nf6+ {[%emt 0:00:02]} Kd8 {[%emt 0:00:03]} 14. O-O-O {[%emt 0:00:02]} Bc8 {[%emt 0:00:13]} 15. Qe4 {[%emt 0:01:14]} Qc5 {[%emt 0:02:00]} 16. Qxf4 {[%emt 0:01:30]} h5 {[%emt 0:00:23]} 17. Ne4 {[%emt 0:00:47]} Qe7 {[%emt 0:00:29]} 18. Ng5 {[%emt 0:00:09]} Bh6 {[%emt 0:00:28]} 19. Be2 {[%emt 0:00:13]} Re8 {[%emt 0:00:44]} 20. Bxh5 {[%emt 0:02:09]} Qxe5 {[%emt 0:00:09]} 21. Nxf7+ {[%emt 0:00:23]} Ke7 {[%emt 0:00:05]} 22. Qxh6 {[%emt 0:00:00]} 1-0

[Event "European Online Club-ch-H 2021"]
[Site "Online"]
[Date "2021.03.27"]
[Round "2.9"]
[White "Manik, Mikulas"]
[Black "Nagy, Gabor"]
[Result "1-0"]
[WhiteElo "2353"]
[BlackElo "2509"]
[Annotator "ChessBase"]
[PlyCount "105"]
[EventDate "2021.03.27"]
[EventType "team-tourn"]
[EventCountry "NET"]
[SourceTitle "playchess.com"]
[Source "ChessBase"]
[SourceQuality "1"]
[TimeControl "900+5"]

1. e4 {[%emt 0:00:00]} c5 {[%emt 0:00:04]} 2. Nf3 {[%emt 0:00:03]} e6 {[%emt 0:00:03]} 3. d4 {[%emt 0:00:02]} cxd4 {[%emt 0:00:02]} 4. Nxd4 {[%emt 0:00:01]} a6 {[%emt 0:00:04]} 5. Bd3 {[%emt 0:00:04]} Nf6 {[%emt 0:00:06]} 6. Qe2 {[%emt 0:00:03]} d6 {[%emt 0:00:23]} 7. c4 {[%emt 0:00:10]} Qc7 {[%emt 0:00:04]} 8. Nc3 {[%emt 0:00:03]} Nbd7 {[%emt 0:00:09]} 9. O-O {[%emt 0:00:06]} g6 {[%emt 0:00:14]} 10. a4 {[%emt 0:00:08]} Bg7 {[%emt 0:00:10]} 11. a5 {[%emt 0:00:05]} O-O {[%emt 0:00:33]} 12. Nb3 {[%emt 0:00:11]} Ne5 {[%emt 0:00:10]} 13. Be3 {[%emt 0:00:22]} Bd7 {[%emt 0:00:21]} 14. Bb6 {[%emt 0:00:41]} Qb8 {[%emt 0:00:12]} 15. h3 {[%emt 0:01:46]} d5 {[%emt 0:02:12]} 16. cxd5 {[%emt 0:00:28]} exd5 {[%emt 0:00:03]} 17. exd5 {[%emt 0:00:46]} Re8 {[%emt 0:00:03]} 18. Qd1 {[%emt 0:00:07]} Nxd3 {[%emt 0:00:52]} 19. Qxd3 {[%emt 0:00:03]} Bf5 {[%emt 0:00:02]} 20. Qd2 {[%emt 0:00:25]} Ne4 {[%emt 0:00:37]} 21. Nxe4 {[%emt 0:00:03]} Rxe4 {[%emt 0:00:04]} 22. d6 {[%emt 0:01:23]} Be6 {[%emt 0:01:57]} 23. Rfe1 {[%emt 0:02:19]} Rxe1+ {[%emt 0:01:06]} 24. Rxe1 {[%emt 0:00:03]} Bxb3 {[%emt 0:00:35]} 25. d7 {[%emt 0:00:12]} Bf6 {[%emt 0:00:04]} 26. d8=Q+ {[%emt 0:00:14]} Qxd8 {[%emt 0:00:05]} 27. Bxd8 {[%emt 0:00:02]} Rxd8 {[%emt 0:00:02]} 28. Qxd8+ {[%emt 0:00:25]} Bxd8 {[%emt 0:00:02]} 29. Re8+ {[%emt 0:00:02]} Kg7 {[%emt 0:00:01]} 30. Rxd8 {[%emt 0:00:02]} Ba4 {[%emt 0:00:01]} 31. f4 {[%emt 0:00:28]} Kf6 {[%emt 0:00:04]} 32. Kf2 {[%emt 0:00:03]} Ke7 {[%emt 0:00:05]} 33. Rh8 {[%emt 0:00:10]} h5 {[%emt 0:00:02]} 34. g4 {[%emt 0:00:10]} hxg4 {[%emt 0:00:01]} 35. hxg4 {[%emt 0:00:02]} Bc6 {[%emt 0:00:02]} 36. Ke3 {[%emt 0:00:03]} Bd7 {[%emt 0:00:12]} 37. g5 {[%emt 0:00:11]} Ke6 {[%emt 0:00:04]} 38. Rf8 {[%emt 0:00:25]} Bc6 {[%emt 0:00:10]} 39. b4 {[%emt 0:00:17]} Ke7 {[%emt 0:00:05]} 40. Rb8 {[%emt 0:00:11]} Ke6 {[%emt 0:00:01]} 41. Rc8 {[%emt 0:00:17]} Kd7 {[%emt 0:00:07]} 42. Rh8 {[%emt 0:00:10]} Ke6 {[%emt 0:00:02]} 43. Rh2 {[%emt 0:00:07]} Kf5 {[%emt 0:00:11]} 44. Rc2 {[%emt 0:00:04]} Ke6 {[%emt 0:00:05]} 45. Rc5 {[%emt 0:00:03]} Kd6 {[%emt 0:00:10]} 46. f5 {[%emt 0:00:16]} Bd7 {[%emt 0:00:03]} 47. f6 {[%emt 0:00:26]} Bc6 {[%emt 0:00:03]} 48. Kd4 {[%emt 0:00:03]} Bg2 {[%emt 0:00:08]} 49. Re5 {[%emt 0:00:05]} Kc6 {[%emt 0:00:17]} 50. Re8 {[%emt 0:01:33]} Bd5 {[%emt 0:00:41]} 51. Rc8+ {[%emt 0:00:17]} Kd7 {[%emt 0:00:02]} 52. Rb8 {[%emt 0:00:14]} Bg2 {[%emt 0:00:07]} 53. Ke5 {[%emt 0:00:12]} 1-0

[Event "European Online Club-ch-H 2021"]
[Site "Online"]
[Date "2021.03.27"]
[Round "2.10"]
[White "Mihok, Oliver"]
[Black "Danada, Tomas"]
[Result "1-0"]
[WhiteElo "2540"]
[BlackElo "2321"]
[Annotator "ChessBase"]
[PlyCount "45"]
[EventDate "2021.03.27"]
[EventType "team-tourn"]
[EventCountry "NET"]
[SourceTitle "playchess.com"]
[Source "ChessBase"]
[SourceQuality "1"]
[TimeControl "900+5"]

1. e4 {[%emt 0:00:00]} c5 {[%emt 0:00:03]} 2. Nf3 {[%emt 0:00:06]} Nc6 {[%emt 0:00:09]} 3. Nc3 {[%emt 0:00:03]} g6 {[%emt 0:00:04]} 4. d4 {[%emt 0:00:04]} cxd4 {[%emt 0:00:02]} 5. Nxd4 {[%emt 0:00:01]} Bg7 {[%emt 0:00:01]} 6. Be3 {[%emt 0:00:02]} Nf6 {[%emt 0:00:03]} 7. Bc4 {[%emt 0:00:02]} O-O {[%emt 0:00:02]} 8. Bb3 {[%emt 0:00:18]} Re8 {[%emt 0:00:03]} 9. h4 {[%emt 0:00:05]} h5 {[%emt 0:00:42]} 10. f3 {[%emt 0:00:04]} e6 {[%emt 0:00:02]} 11. Qd2 {[%emt 0:00:04]} d5 {[%emt 0:00:03]} 12. exd5 {[%emt 0:00:04]} exd5 {[%emt 0:00:39]} 13. O-O-O {[%emt 0:00:54]} Ne5 {[%emt 0:01:03]} 14. Bg5 {[%emt 0:01:25]} Nc4 {[%emt 0:01:28]} 15. Qf4 {[%emt 0:00:35]} Ne3 {[%emt 0:04:24]} 16. Rd3 {[%emt 0:00:26]} Nf5 {[%emt 0:00:21]} 17. Ndb5 {[%emt 0:01:45]} Be6 {[%emt 0:02:03]} 18. Nc7 {[%emt 0:00:21]} Rc8 {[%emt 0:00:02]} 19. Nxe8 {[%emt 0:00:07]} Qxe8 {[%emt 0:00:02]} 20. g4 {[%emt 0:00:45]} d4 {[%emt 0:00:39]} 21. gxf5 {[%emt 0:00:27]} dxc3 {[%emt 0:00:06]} 22. fxe6 {[%emt 0:00:16]} cxb2+ {[%emt 0:00:02]} 23. Kb1 {[%emt 0:00:02]} 1-0

[Event "European Online Club-ch-H 2021"]
[Site "Online"]
[Date "2021.03.27"]
[Round "2.11"]
[White "Zambor, Norbert"]
[Black "Glek, Igor"]
[Result "0-1"]
[WhiteElo "2260"]
[BlackElo "2475"]
[Annotator "ChessBase"]
[PlyCount "76"]
[EventDate "2021.03.27"]
[EventType "team-tourn"]
[EventCountry "NET"]
[SourceTitle "playchess.com"]
[Source "ChessBase"]
[SourceQuality "1"]
[TimeControl "900+5"]

1. e4 {[%emt 0:00:00]} c5 {[%emt 0:00:06]} 2. Nf3 {[%emt 0:00:06]} a6 {[%emt 0:00:01]} 3. c3 {[%emt 0:00:17]} e6 {[%emt 0:00:03]} 4. d4 {[%emt 0:00:23]} d5 {[%emt 0:00:02]} 5. e5 {[%emt 0:00:34]} Bd7 {[%emt 0:00:03]} 6. Bd3 {[%emt 0:00:20]} cxd4 {[%emt 0:00:05]} 7. cxd4 {[%emt 0:00:06]} Bb5 {[%emt 0:00:01]} 8. Bxb5+ {[%emt 0:00:41]} axb5 {[%emt 0:00:03]} 9. O-O {[%emt 0:00:21]} b4 {[%emt 0:00:05]} 10. Re1 {[%emt 0:03:34]} Nc6 {[%emt 0:00:09]} 11. Nbd2 {[%emt 0:00:34]} Nge7 {[%emt 0:00:02]} 12. Nb3 {[%emt 0:01:55]} Nf5 {[%emt 0:00:10]} 13. Bg5 {[%emt 0:00:15]} Be7 {[%emt 0:00:13]} 14. Bxe7 {[%emt 0:00:05]} Qxe7 {[%emt 0:00:02]} 15. Qd3 {[%emt 0:01:29]} O-O {[%emt 0:00:05]} 16. h3 {[%emt 0:02:22]} Ra7 {[%emt 0:00:07]} 17. g4 {[%emt 0:01:16]} Nh4 {[%emt 0:00:04]} 18. Nxh4 {[%emt 0:01:25]} Qxh4 {[%emt 0:00:05]} 19. Kg2 {[%emt 0:00:18]} Rfa8 {[%emt 0:00:26]} 20. Nc1 {[%emt 0:00:29]} h5 {[%emt 0:00:07]} 21. gxh5 {[%emt 0:00:10]} Nxd4 {[%emt 0:00:38]} 22. Nb3 {[%emt 0:00:03]} Nc6 {[%emt 0:00:24]} 23. Qe3 {[%emt 0:00:04]} Qxh5 {[%emt 0:00:14]} 24. Kh2 {[%emt 0:00:06]} Rxa2 {[%emt 0:00:18]} 25. Rab1 {[%emt 0:00:02]} Ne7 {[%emt 0:00:38]} 26. Rg1 {[%emt 0:00:04]} Nf5 {[%emt 0:00:08]} 27. Qf4 {[%emt 0:00:03]} Qe2 {[%emt 0:01:12]} 28. Rg2 {[%emt 0:00:07]} Qe4 {[%emt 0:00:35]} 29. Qxe4 {[%emt 0:00:06]} dxe4 {[%emt 0:00:02]} 30. Rg4 {[%emt 0:00:02]} Ne7 {[%emt 0:01:04]} 31. Nc5 {[%emt 0:00:13]} Nd5 {[%emt 0:00:57]} 32. Rxe4 {[%emt 0:00:05]} Ra1 {[%emt 0:00:31]} 33. Rxa1 {[%emt 0:00:02]} Rxa1 {[%emt 0:00:01]} 34. Nd3 {[%emt 0:00:04]} b3 {[%emt 0:00:35]} 35. Rc4 {[%emt 0:00:03]} Rd1 {[%emt 0:00:08]} 36. Rc8+ {[%emt 0:00:03]} Kh7 {[%emt 0:00:03]} 37. Nc5 {[%emt 0:00:01]} Rc1 {[%emt 0:00:11]} 38. Kg3 {[%emt 0:00:13]} b6 {[%emt 0:00:03]} 0-1

[Event "European Online Club-ch-H 2021"]
[Site "Online"]
[Date "2021.03.27"]
[Round "2.12"]
[White "Meessen, Rudolf"]
[Black "Kusiak, Matej"]
[Result "0-1"]
[WhiteElo "2223"]
[BlackElo "2251"]
[Annotator "NA"]
[PlyCount "94"]
[EventDate "2021.03.27"]
[EventType "team-tourn"]
[EventCountry "NET"]
[SourceTitle "playchess.com"]
[Source "ChessBase"]
[SourceQuality "1"]
[TimeControl "900+5"]

1. d4 {[%emt 0:00:13]} d5 {[%emt 0:00:13]} 2. Nc3 {[%emt 0:00:02]} c6 {[%emt 0:00:05]} 3. Bf4 {[%emt 0:00:02]} Nf6 {[%emt 0:00:02]} 4. e3 {[%emt 0:00:01]} g6 {[%emt 0:00:01]} 5. h4 {[%emt 0:00:13]} Bg7 {[%emt 0:00:04]} 6. Be2 {[%emt 0:00:07]} h5 {[%emt 0:00:02]} 7. Nf3 {[%emt 0:00:04]} Bf5 {[%emt 0:00:08]} 8. Ne5 {[%emt 0:00:19]} Nbd7 {[%emt 0:00:30]} 9. f3 {[%emt 0:00:13]} Nxe5 {[%emt 0:00:10]} 10. Bxe5 {[%emt 0:00:05]} Qb6 {[%emt 0:00:09]} 11. e4 {[%emt 0:00:41]} Be6 {[%emt 0:01:12]} 12. Qd3 {[%emt 0:00:31]} Bh6 {[%emt 0:00:26]} 13. exd5 {[%emt 0:02:10]} Bxd5 {[%emt 0:00:13]} 14. Nxd5 {[%emt 0:00:11]} cxd5 {[%emt 0:00:03]} 15. Qb5+ {[%emt 0:00:05]} Qxb5 {[%emt 0:00:04]} 16. Bxb5+ {[%emt 0:00:00]} Kf8 {[%emt 0:00:02]} 17. Kf2 {[%emt 0:00:18]} Bg7 {[%emt 0:00:07]} 18. Rhe1 {[%emt 0:00:20]} Ne8 {[%emt 0:00:25]} 19. Bxe8 {[%emt 0:00:11]} Rxe8 {[%emt 0:00:05]} 20. Bxg7+ {[%emt 0:00:10]} Kxg7 {[%emt 0:00:03]} 21. c3 {[%emt 0:00:06]} e6 {[%emt 0:00:03]} 22. f4 {[%emt 0:00:05]} a5 {[%emt 0:00:02]} 23. a3 {[%emt 0:00:05]} b5 {[%emt 0:00:03]} 24. Re3 {[%emt 0:00:03]} Ra8 {[%emt 0:00:06]} 25. Kf3 {[%emt 0:00:05]} Rhb8 {[%emt 0:00:02]} 26. g4 {[%emt 0:00:44]} hxg4+ {[%emt 0:00:20]} 27. Kxg4 {[%emt 0:00:00]} Kf6 {[%emt 0:00:03]} 28. Rh1 {[%emt 0:00:40]} Rh8 {[%emt 0:00:37]} 29. Re5 {[%emt 0:00:44]} b4 {[%emt 0:03:02]} 30. axb4 {[%emt 0:00:26]} axb4 {[%emt 0:00:03]} 31. h5 {[%emt 0:00:26]} Ra2 {[%emt 0:00:36]} 32. Rb1 {[%emt 0:01:09]} bxc3 {[%emt 0:03:22]} 33. bxc3 {[%emt 0:00:07]} Rxh5 {[%emt 0:00:28]} 34. Rxh5 {[%emt 0:02:19]} gxh5+ {[%emt 0:01:32]} 35. Kxh5 {[%emt 0:00:10]} Rg2 {[%emt 0:00:17]} 36. Rb7 {[%emt 0:01:05]} Rg3 {[%emt 0:00:23]} 37. Rc7 {[%emt 0:00:05]} Rg1 {[%emt 0:00:17]} 38. Kh4 {[%emt 0:01:20]} Kg6 {[%emt 0:00:04]} 39. f5+ {[%emt 0:00:49]} exf5 {[%emt 0:00:37]} 40. Rc6+ {[%emt 0:00:02]} f6 {[%emt 0:00:06]} 41. Rd6 {[%emt 0:00:02]} f4 {[%emt 0:00:10]} 42. Rd8 {[%emt 0:00:19]} Rg5 {[%emt 0:00:12]} 43. Re8 {[%emt 0:00:38]} Kf5 {[%emt 0:00:11]} 44. Re1 {[%emt 0:00:23]} f3 {[%emt 0:00:04]} 45. Kh3 {[%emt 0:00:07]} Kf4 {[%emt 0:00:07]} 46. Kh2 {[%emt 0:00:34]} f2 {[%emt 0:00:10]} 47. Rf1 {[%emt 0:00:12]} Kf3 {[%emt 0:00:03]} 0-1

[Event "European Online Club-ch-H 2021"]
[Site "Online"]
[Date "2021.03.27"]
[Round "2.13"]
[White "Vaisser, Anatoly"]
[Black "Mamedov, Rauf"]
[Result "0-1"]
[WhiteElo "2501"]
[BlackElo "2654"]
[Annotator "TA"]
[PlyCount "90"]
[EventDate "2021.03.27"]
[EventType "team-tourn"]
[EventCountry "NET"]
[SourceTitle "playchess.com"]
[Source "ChessBase"]
[SourceQuality "1"]

{[%evp 16,90,26,20,60,41,66,17,56,62,54,-94,0,0,18,14,99,29,20,28,14,31,14,0,0,0,0,-2,-24,-276,-282,-415,-420,-416,-422,-415,-414,-453,-460,-591,-589,-720,-690,-707,-710,-703,-687,-654,-611,-711,-697,-800,-798,-769,-741,-867,-772,-899,-824,-921,-897,-1085,-718,-925,-925,-918,-891,-815,-771,-1164,-1152,-1245,-1228,-2543,-2479,-2464,-2427]} 1. d4 Nf6 2. c4 d6 3. Nc3 g6 4. e4 Bg7 5. f4 O-O 6. Nf3 Na6 7. Bd3 e5 8. fxe5 dxe5 9. d5 $1 Qe7 {E76: King's Indian: Four Pawns Attack: Lines specific to 6 Nf3 move-order.} 10. O-O Nb4 {[#]} 11. Bg5 $146 ({Predecessor:} 11. Bb1 Qc5+ 12. Kh1 Qxc4 13. a3 Na6 14. Nxe5 Qc5 15. Nd3 Qd4 16. Qe2 Bg4 17. Qe1 {0-1 (30) Sayari,S (1646)-Zaibi,A (2205) Tunis 2018}) 11... Qc5+ {The position is equal.} 12. Kh1 Ng4 13. Qe2 (13. Be2 $14 {keeps the upper hand.}) 13... h6 (13... Nxd3 $17 14. Qxd3 Nf2+ 15. Rxf2 Qxf2) 14. Bh4 $11 Qe3 15. Bb1 a5 (15... g5 $11 16. Bf2 Qxe2 17. Nxe2 Nxf2+ 18. Rxf2 a5) 16. h3 (16. Qd1 $16) 16... Qxe2 17. Nxe2 Ne3 18. Rc1 {And now a3 would win.} f5 $1 19. a3 fxe4 $1 {[%mdl 64] [#] Discovered Attack} 20. Bxe4 Bf5 $1 $36 {[%cal Rf5e4][%mdl 2048] Black has good play.} 21. Bxf5 Nxf5 22. Nc3 {[%mdl 8192] White does not recover from this.} (22. axb4 $11 {and White stays safe.} e4 23. Nfd4 Nxd4 24. Nxd4 Bxd4 25. Rxa5) 22... Nd3 $19 23. Rc2 (23. Rf1 $142) 23... e4 24. Nxe4 Nxh4 25. Nxh4 Rf4 {[%mdl 64] Double Attack} 26. Nxg6 Rxe4 {Black is clearly winning.} 27. g4 Rae8 28. c5 Bxb2 29. Rd1 Re1+ 30. Rxe1 Rxe1+ 31. Kg2 Rd1 {Hoping for ...Ne1+.} 32. Kg3 Bxa3 33. d6 cxd6 34. c6 {[#]} bxc6 $1 35. Rxc6 Kf7 36. Nh4 Ne5 37. Rc7+ Ke6 38. Nf5 Bc1 39. Re7+ Kd5 40. Ra7 Rd3+ 41. Kg2 Ra3 42. Rc7 Bf4 43. Rb7 Ra2+ 44. Kf1 Ke4 45. Rb3 Nd3 {Weighted Error Value: White=0.70/Black=0.22} 0-1